| 000 | 00560nam 22001933 4500 | ||
|---|---|---|---|
| 001 | 199519 | ||
| 010 | _a978-989-8219-18-3 | ||
| 021 | _b308948/10 | ||
| 090 | _a199519 | ||
| 100 | _a20251215d u||y0pory50 ba | ||
| 200 |
_aDa estratégia _fAntónio Barrento |
||
| 210 |
_aParede _cTribuna da História _d2010 |
||
| 215 |
_a358 p. _cbrochado _d23 cm |
||
| 606 |
_96982 _aOperações de guerra em geral. Táctica e estratégia |
||
| 675 |
_a355.4 _vPT _zpor |
||
| 700 |
_915358 _aBarrento _bAntónio |
||
| 801 |
_aPT _bBMMN _gRPC |
||
| 830 |
_cFernando _fFernando |
||
| 990 | _cLIVROS | ||